Полное собрание сочинений. [Т. 4]: [Евгений Онегин | Повести | Путешествие в Арзрум (Запись № 13632075)

Подробности
000 -МАРКЕР
контрольное поле 02279nam2a2200325 4500
001 - ИДЕНТИФИКАТОР ЗАПИСИ
контрольное поле rc\2894782
005 - ИДЕНТИФИКАТОР ВЕРСИИ
контрольное поле 20260607055454.0
010 ## - МЕЖДУНАРОДНЫЙ СТАНДАРТНЫЙ НОМЕР КНИГИ (ISBN)
Уточнения По подписке
-- переплет
Цена б.ц.
Тираж 19500
021 ## - НОМЕР ГОСУДАРСТВЕННОЙ РЕГИСТРАЦИИ
Код страны Российская Федерация
Номер 636/33г. XVБ
035 ## - ДРУГИЕ СИСТЕМНЫЕ НОМЕРА
Идентификатор записи (NLR Aleph) 008785871
100 ## - ДАННЫЕ ОБЩЕЙ ОБРАБОТКИ
Данные общей обработки 20110726d1932 u y0rusy50 ca
101 0# - ЯЗЫК РЕСУРСА
Язык текста, звукозаписи и т.д. русский
102 ## - СТРАНА ПУБЛИКАЦИИ ИЛИ ПРОИЗВОДСТВА
Страна публикации Российская Федерация
105 ## - ПОЛЕ КОДИРОВАННЫХ ДАННЫХ: ТЕКСТОВЫЕ МАТЕРИАЛЫ, МОНОГРАФИЧЕСКИЕ
Кодированные данные о монографическом текстовом документе c zr |||g|
200 1# - ЗАГЛАВИЕ И СВЕДЕНИЯ ОБ ОТВЕТСТВЕННОСТИ
Основное заглавие [Евгений Онегин
Первые сведения об ответственности ред. Б.В. Томашевского
Основное заглавие Повести
Первые сведения об ответственности ред. Ю.Г. Оксмана
Основное заглавие Путешествие в Арзрум
Первые сведения об ответственности ред. Ю.Н. Тынянова]
210 ## - ПУБЛИКАЦИЯ, РАСПРОСТРАНЕНИЕ И ДР.
Дата издания, распространения и т.д. 1932
215 ## - ФИЗИЧЕСКАЯ ХАРАКТЕРИСТИКА
Специфическое обозначение материала и объем 805, [3] с., 1 вкл. л. портр.
Размеры 20х14
423 #0 - ИЗДАЕТСЯ В ОДНОЙ ОБЛОЖКЕ ВМЕСТЕ С ...
Встроенное поле 2001#$a[Социология творчества Пушкина$eстатья Д.Д. Благого]
-- 700#1$aБлагой$bД. Д.$f1893-1942$gДмитрий Дмитриевич$4070
Заглавие [Социология творчества Пушкина
Автор Благой, Дмитрий Дмитриевич (1893-1942)
461 #0 - УРОВЕНЬ НАБОРА
Встроенное поле 001rc\2894783
-- 2001#$aПолное собрание сочинений$fА.С. Пушкин$gпод общ. ред. Демьяна Бедного, А.В. Луначарского, П.Н. Сакулина ... [и др.]$gвступ. статья А. В. Луначарского$v[Т. 4]
-- 700#1$3RU\NLR\AUTH\77386$8rus$7ca$aПушкин$bА. С.$f1799-1837$gАлександр Сергеевич
Системный номер (АБИС) связанной записи 8011360
Автор Пушкин, А. С. (1799-1837)
Место публикации Москва
Дата публикации 1931-1933
Первые сведения об ответственности А.С. Пушкин
Имя издателя, распространителя и т.д. Государственное издательство художественной литературы
Сведения, относящиеся к заглавию в 6 томах
Заглавие Полное собрание сочинений
Номер тома [Т. 4]
702 #1 - ИМЯ ЛИЦА - ВТОРИЧНАЯ ОТВЕТСТВЕННОСТЬ
Код отношения Редактор
Материалы, к которым относится поле rus
Графика поля Кириллица
Начальный элемент ввода Томашевский
Часть имени, кроме начального элемента ввода Б. В.
Расширение инициалов личного имени Борис Викторович
Даты 1890-1957
Идентификатор авторитетной/нормативной записи RU\NLR\AUTH\7760057
Системный номер авторитетной/нормативной записи 42988
702 #1 - ИМЯ ЛИЦА - ВТОРИЧНАЯ ОТВЕТСТВЕННОСТЬ
Код отношения Редактор
Материалы, к которым относится поле rus
Графика поля Кириллица
Начальный элемент ввода Оксман
Часть имени, кроме начального элемента ввода Ю. Г.
Даты 1895-1970
Расширение инициалов личного имени Юлиан Григорьевич
Идентификатор авторитетной/нормативной записи RU\NLR\AUTH\7725148
Системный номер авторитетной/нормативной записи 8197
702 #1 - ИМЯ ЛИЦА - ВТОРИЧНАЯ ОТВЕТСТВЕННОСТЬ
Код отношения Редактор
Графика поля Кириллица
Материалы, к которым относится поле rus
Начальный элемент ввода Тынянов
Часть имени, кроме начального элемента ввода Ю. Н.
Даты 1894-1943
Расширение инициалов личного имени Юрий Николаевич
Системный номер авторитетной/нормативной записи 15348
Идентификатор авторитетной/нормативной записи RU\NLR\AUTH\7732340
801 #0 - ИСТОЧНИК ЗАПИСИ
Страна Российская Федерация
Организация NLR
Правила каталогизации psbo
801 #1 - ИСТОЧНИК ЗАПИСИ
Страна Российская Федерация
Организация ELAR
Источник данных rusmarc
801 #2 - ИСТОЧНИК ЗАПИСИ
Страна Российская Федерация
Организация NLR
Дата составления 20120802
Источник данных rusmarc
852 ## - МЕСТОНАХОЖДЕНИЕ И ШИФР ХРАНЕНИЯ
Идентификатор организации NLR
Шифр хранения (Call Number) Пушкин/1-103(4)
942 ## - ДОПОЛНИТЕЛЬНЫЕ ЭЛЕМЕНТЫ ЗАПИСИ (АБИС)
Тип экземпляра АБИС Неопределено
980 ## - КОЛЛЕКЦИЯ
Название коллекции Национальная библиография

Нет доступных экземпляров.